Statistics for Clueless #16

Click here to take the quiz!

General Stats

  • This quiz has been taken 1,005 times
    (966 since last reset)
  • The average score is 47 of 75

Answer Stats

Word% Correct
     a      
97%
    the    
93%
    The    
93%
    is:    
88%
     is     
88%
    You    
83%
    you    
83%
    You    
83%
    your    
83%
     to     
80%
    to.    
80%
     no     
78%
     No     
78%
     on     
78%
     do     
76%
     do     
76%
   eighth   
75%
   Fifth    
75%
   first    
75%
   Fourth   
75%
    One    
75%
    two    
75%
   second   
75%
   Sixth    
75%
   Third    
75%
  Seventh  
75%
    And    
72%
    and    
72%
     of     
72%
    not    
69%
    goes    
69%
     go     
69%
    not    
69%
 Gentlemen, 
67%
  fellas.  
67%
    guys    
67%
    have    
64%
    have    
64%
    they    
64%
    this    
63%
   time,    
63%
     at     
61%
     If     
60%
  Someone  
59%
    rule    
58%
   rule:    
58%
   about    
56%
   Fight    
56%
    talk    
56%
   about    
56%
   fight.   
56%
   fight    
56%
   Fight    
56%
   Fights   
56%
    talk    
56%
    will    
55%
   Club.    
54%
   Club,    
54%
   Club:    
54%
   Club.    
54%
    Club    
54%
  welcome  
49%
   final    
48%
     as     
47%
   over.    
47%
    Only    
45%
   night    
41%
    out,    
39%
    long    
35%
   yells    
20%
  "Stop!",  
20%
    taps    
18%
   shoes.   
17%
  shirts,  
17%
   limp,    
14%

Score Distribution

Percentile by Number Answered

Percent of People with Each Score

Your Score History

You have not taken this quiz since the last reset